| 000 | 00769cam a22002652a 4500 | ||
|---|---|---|---|
| 001 | 024634 | ||
| 003 | AR-FADEU | ||
| 005 | 20191017102506.0 | ||
| 008 | 311216n1996####xxu####################dd | ||
| 020 | _a950-03-7178-2 | ||
| 040 | _cBiblioteca Ernesto Sábato | ||
| 092 |
_a306.361.82 _bB388 _eBLYNK |
||
| 100 | _aBeccaria, Luis, comp. | ||
| 245 |
_aSin trabajo. _b Las características del desempleo y sus efectos en la sociedad argentina |
||
| 260 | _aBuenos Aires | ||
| 260 | _bUNICEF | ||
| 260 | _bLosada | ||
| 260 | _c1996 | ||
| 300 | _a222 p. : cuad., graf | ||
| 440 | _aTemas Sociales | ||
| 500 | _aIncluye bibliografía | ||
| 650 | _aTRABAJO-ARGENTINA; DESEMPLEO-ARGENTINA/BLYNK/ | ||
| 700 | _aNéstor, López, comp. | ||
| 942 |
_cBLYNK _2ddc |
||
| 999 |
_c34022 _d34022 |
||